| 000 | 00912nmm a2200289 a 4500 | ||
|---|---|---|---|
| 001 | ocm0001256793 | ||
| 003 | TR-IsHL | ||
| 005 | 20201028160422.0 | ||
| 008 | 150709s2015 tu tur | ||
| 007 | cr cn | ||
| 020 | _a9781329550728 | ||
| 035 |
_a1256793 _b(N$T) |
||
| 050 | 0 | 4 |
_aBP166.87 _b.U37 2015 |
| 090 | 0 | 4 |
_aBP166.87 _b.U37 2015 |
| 100 | 1 | _aUhray, Murat | |
| 245 | 1 | 0 |
_aSonsuzluğun sonsuzluğu, 114 kod _h[electronic resource] / _cMurat Uhray |
| 260 |
_aİstanbul : _bE-Kitap Projesi, _c2015 |
||
| 300 | _a409 p. | ||
| 650 | 4 | _aFelsefe, Psikoloji ve Din | |
| 650 | 4 | _aPhilosophy, Psychology and Religion | |
| 650 | 0 | _aCennet (İslam) | |
| 650 | 0 | _aParadise (Islam) | |
| 650 | 0 | _aCehennem (İslam) | |
| 650 | 0 | _aHell (Islam) | |
| 650 | 7 |
_aRELIGION / Islam / General _2bisacsh |
|
| 856 | 4 | 0 | _uhttp://search.ebscohost.com/login.aspx?direct=true&scope=site&db=e011xww&AN=1256793 |
| 999 |
_c13592 _d13592 |
||